<?xml version="1.0" encoding="UTF-8"?>
<record
    xmlns:xsi="http://www.w3.org/2001/XMLSchema-instance"
    xsi:schemaLocation="http://www.loc.gov/MARC21/slim http://www.loc.gov/standards/marcxml/schema/MARC21slim.xsd"
    xmlns="http://www.loc.gov/MARC21/slim">

  <leader>00749nam a22002297a 4500</leader>
  <controlfield tag="001">8547</controlfield>
  <controlfield tag="003">FISKH</controlfield>
  <controlfield tag="005">20250919082110.0</controlfield>
  <controlfield tag="008">250919b        cb ||||| |||| 00| 0 eng d</controlfield>
  <datafield tag="020" ind1=" " ind2=" ">
    <subfield code="a">9780582776401</subfield>
  </datafield>
  <datafield tag="040" ind1=" " ind2=" ">
    <subfield code="a">FISKH</subfield>
    <subfield code="b">eng</subfield>
    <subfield code="c">FISKH</subfield>
    <subfield code="d">FISKH</subfield>
  </datafield>
  <datafield tag="050" ind1=" " ind2=" ">
    <subfield code="a">PE1628</subfield>
  </datafield>
  <datafield tag="082" ind1=" " ind2=" ">
    <subfield code="a"> 423</subfield>
  </datafield>
  <datafield tag="100" ind1=" " ind2=" ">
    <subfield code="a">Frisby, A.W. </subfield>
  </datafield>
  <datafield tag="245" ind1=" " ind2=" ">
    <subfield code="a">Longman pocket English dictionary : </subfield>
    <subfield code="b">All the words you need! /</subfield>
  </datafield>
  <datafield tag="260" ind1=" " ind2=" ">
    <subfield code="a">Essex : </subfield>
    <subfield code="b">Longman, </subfield>
    <subfield code="c">2001. </subfield>
  </datafield>
  <datafield tag="300" ind1=" " ind2=" ">
    <subfield code="a">631 pages : </subfield>
    <subfield code="b">color illustrations ; </subfield>
    <subfield code="c">16 cm</subfield>
  </datafield>
  <datafield tag="520" ind1=" " ind2=" ">
    <subfield code="a">Over 16,000 words and phrases Clear and easy definitions Thousands of examples showing real usage 15 pages of colour pictures</subfield>
  </datafield>
  <datafield tag="650" ind1=" " ind2=" ">
    <subfield code="a">Dictionary </subfield>
    <subfield code="v">Reference</subfield>
    <subfield code="x">Non-Fiction</subfield>
    <subfield code="y">English</subfield>
  </datafield>
  <datafield tag="942" ind1=" " ind2=" ">
    <subfield code="2">ddc</subfield>
    <subfield code="c">BK</subfield>
    <subfield code="n">0</subfield>
  </datafield>
  <datafield tag="999" ind1=" " ind2=" ">
    <subfield code="c">8547</subfield>
    <subfield code="d">8547</subfield>
  </datafield>
  <datafield tag="952" ind1=" " ind2=" ">
    <subfield code="0">0</subfield>
    <subfield code="1">0</subfield>
    <subfield code="2">ddc</subfield>
    <subfield code="4">0</subfield>
    <subfield code="7">0</subfield>
    <subfield code="8">REF</subfield>
    <subfield code="a">001</subfield>
    <subfield code="b">001</subfield>
    <subfield code="c">LSHTK</subfield>
    <subfield code="d">2025-09-19</subfield>
    <subfield code="l">0</subfield>
    <subfield code="o">FRI 423  PE1628 </subfield>
    <subfield code="p">2025-4430</subfield>
    <subfield code="r">2025-09-19 08:21:07</subfield>
    <subfield code="t">1</subfield>
    <subfield code="w">2025-09-19</subfield>
    <subfield code="y">BK</subfield>
  </datafield>
</record>
